000 00568nam a22002057a 4500
001 83446
003 BD-RjUL
005 20240321134337.0
008 240321s1973 p ||||| |||| 00| 0 urd d
035 _a(BD-RjUL) 83446
040 _aBD-RjUL
_beng
_cBD-RjUL
041 _aurd
082 _223
_a891.4394
_bCHT 1973
100 _aاقبال ;; Iqbal
_910198
245 _aاتجزیے /Tazjiy /
_c گیان چند ;; Gyan Chand
260 _aDelhi :
_bMaktubat i Jamiah ,
_c1973
300 _a352 p. ;
_c22 cm cm
650 _aUrdu
_vEssays
_912486
942 _2ddc
_cBK
999 _c83446
_d83446